Flyte / (Record no. 32453)

MARC details
000 -LEADER
fixed length control field 03432nam a2200481 a 4500
005 - DATE AND TIME OF LATEST TRANSACTION
control field 20091210142547.0
008 - FIXED-LENGTH DATA ELEMENTS--GENERAL INFORMATION
fixed length control field 050202s2006 nyuab c 000 1 eng
010 ## - LCCN (DPL NO)
LC control number B-386364-374
020 ## - INTERNATIONAL STANDARD BOOK NUMBER
International Standard Book Number 9780060577360
Terms of availability 263.00
035 ## - SYSTEM CONTROL NUMBER
System control number B-386364-374
037 ## - SOURCE OF ACQUISITION
Source of stock number/acquisition Blueberry Books
040 ## - CATALOGING SOURCE
Original cataloging agency dpl
Language of cataloging English
082 ## - DEWEY DECIMAL CLASSIFICATION NUMBER
Classification number S
100 ## - MAIN ENTRY--PERSONAL NAME
Personal name Sage, Angie
245 ## - TITLE STATEMENT
Title Flyte /
Statement of responsibility, etc by Angie Sage ; illustrated by Mark Zug
260 ## - PUBLICATION, DISTRIBUTION, ETC. (IMPRINT)
Place of publication, distribution, etc New York
Name of publisher, distributor, etc Katherine Tegen Books
Date of publication, distribution, etc 2007
270 ## - ADDRESS
Address 53rd Street
City New York
Postal code 10022
300 ## - PHYSICAL DESCRIPTION
Extent 532 p. :
Other physical details ill.
Dimensions 19cm(pbk)
490 ## - SERIES STATEMENT
Series statement Septimus Heap ;
Volume number/sequential designation book. 2
505 ## - FORMATTED CONTENTS NOTE
Formatted contents note Includes mini CD-ROM. Contents: Avoid sleuth! -- Top 10 tips for counter-feet players -- Guide to hatching dragons -- Aunt Zelda's problem page -- Web links for Septimus Heap -- Screensaver -- Game: The bones of DomDaniel -- About the author -- About Magyk, Flyte (Septimus Heap books 1 & 2)
520 ## - SUMMARY, ETC.
Summary, etc When Princess Jenna is pursued by a dark wizard, it is the apprentice, Septimus Heap, who must save her while enduring such terrors as a night in the Forest with hungry wolverines and carnivorous trees.
650 ## - SUBJECT ADDED ENTRY--TOPICAL TERM
Topical term or geographic name as entry element Princesses
Form subdivision Juvenile fiction.
650 ## - SUBJECT ADDED ENTRY--TOPICAL TERM
Topical term or geographic name as entry element Wizards
Form subdivision Juvenile fiction.
650 ## - SUBJECT ADDED ENTRY--TOPICAL TERM
Topical term or geographic name as entry element Magic
Form subdivision Juvenile fiction.
650 ## - SUBJECT ADDED ENTRY--TOPICAL TERM
Topical term or geographic name as entry element Princesses
Form subdivision Fiction.
650 ## - SUBJECT ADDED ENTRY--TOPICAL TERM
Topical term or geographic name as entry element Wizards
Form subdivision Fiction.
650 ## - SUBJECT ADDED ENTRY--TOPICAL TERM
Topical term or geographic name as entry element Magic
Form subdivision Fiction.
650 ## - SUBJECT ADDED ENTRY--TOPICAL TERM
Topical term or geographic name as entry element Fantasy.
700 ## - ADDED ENTRY--PERSONAL NAME
Personal name Zug, Mark,
942 ## - ADDED ENTRY ELEMENTS (KOHA)
Source of classification or shelving scheme Dewey Decimal Classification
Item type Children Books
Classification part S
Call number suffix SAG
Holdings
Withdrawn status Lost status Source of classification or shelving scheme Damaged status Not for loan Collection code Home library Current library Date acquired Source of acquisition Cost, normal purchase price Total Checkouts Full call number Barcode Date last seen Copy number Cost, replacement price Koha item type Total Renewals Public note
    Dewey Decimal Classification     Fiction Bagh Kadhe Khan Bagh Kadhe Khan 10/06/2010 Blueberry Books/5571/27.3.10/157/27.1.10/27.3.10 263.00   S SAG B-386371 10/06/2010 1 263.00 Children Books    
  Written-off vide DLB M. No. 383 dt 16.05.19 Dewey Decimal Classification     Fiction Bawana Bawana 10/06/2010 Blueberry Books/5571/27.3.10/157/27.1.10/27.3.10 263.00   S SAG B-386373 10/06/2010 1 263.00 Children Books    
    Dewey Decimal Classification     Fiction Central Library Central Library 10/06/2010 Blueberry Books/5571/27.3.10/157/27.1.10/27.3.10 263.00   S SAG B-386364 10/06/2010 1 263.00 Children Books    
    Dewey Decimal Classification     Fiction Janak Puri Janak Puri 10/06/2010 Blueberry Books/5571/27.3.10/157/27.1.10/27.3.10 263.00 15 S SAG B-386366 03/12/2021 1 263.00 Children Books 1  
Written off   Dewey Decimal Classification     Fiction Karol Bagh Karol Bagh 10/06/2010 Blueberry Books/5571/27.3.10/157/27.1.10/27.3.10 263.00   S SAG B-386370 10/06/2010 1 263.00 Children Books   Written off on approval by DLB (By Circulation); dtd 15-06-2023
Written off   Dewey Decimal Classification     Fiction Narela Narela 10/06/2010 Blueberry Books/5571/27.3.10/157/27.1.10/27.3.10 263.00   S SAG B-386372 10/06/2010 1 263.00 Children Books   Written off on approval by DLB (By Circulation); dtd 20.12.2022
    Dewey Decimal Classification     Fiction Patel Nagar Patel Nagar 10/06/2010 Blueberry Books/5571/27.3.10/157/27.1.10/27.3.10 263.00   S SAG B-386365 10/06/2010 1 263.00 Children Books    
    Dewey Decimal Classification     Fiction R.K.Puram-8 R.K.Puram-8 10/06/2010 Blueberry Books/5571/27.3.10/157/27.1.10/27.3.10 263.00   S SAG B-386368 10/06/2010 1 263.00 Children Books    
    Dewey Decimal Classification     Fiction Sarojini Nagar Sarojini Nagar 10/06/2010 Blueberry Books/5571/27.3.10/157/27.1.10/27.3.10 263.00   S SAG B-386367 10/06/2010 1 263.00 Children Books    
  Written-off vide DLB M. No. 383 dt 16.05.19 Dewey Decimal Classification     Fiction Shahdara Branch Shahdara Branch 10/06/2010 Blueberry Books/5571/27.3.10/157/27.1.10/27.3.10 263.00   S SAG B-386374 10/06/2010 1 263.00 Children Books    
    Dewey Decimal Classification     Fiction Vinoba Puri Vinoba Puri 10/06/2010 Blueberry Books/5571/27.3.10/157/27.1.10/27.3.10 263.00 11 S SAG B-386369 08/12/2022 1 263.00 Children Books    

© Delhi Public Library
Hit Counter
free hit counter